000 00359nab a22001097u 4500
008 130520b1989 xxu||||| |||| 00| 0 spa d
041 _aspa
100 1 _aAgius, E.
_967448
245 0 0 _aTerapia embrionaria. Nuestras responsabilidades para con las generaciones futuras
_cE. Agius
773 0 _tConcilium
_gV.1,1989,págs.481-494
_x0210-1041
_wRev134
942 _cAR
999 _c355439
_d355439